00767nam a2200253 i 4500003000900000005001700009007000300026008004100029020001500070040003000085082001400115100004100129245005900170264004300229300005600272336002700328337003300355338002800388490002100416500004200437586002800479650000300507700000300510DO-SdBNP20240812151823.0ta890817s1990 sp ac 001 f spa  a8432075434 aDO-SdBNPbspacBNPHUerda 4bM357d2221 aMárquez Reviriego, Víctoreautor13aEl desembargo andaluz /cVíctor Márquez Reviriego. aBarcelona, España :bPlaneta,c1990. a270 páginas :bilustraciones y retratos ;c24 cm. 2rdacontentatextobtxt 2rdamediaasin mediaciónbn 2rdacarrieravolumenbnc aLa historia viva aIncluye notas al pie de las páginas aEspejo de España 1990